000 00538nam a2200169 i 4500
001 91347
003 ES-MaACL
005 20230906180712.0
007 t|
008 050128s1970 sp ||||1| spa d
100 1 _aLe Veugle, Jean.
_970938
245 1 0 _aIniciación a la educación permanente /
_cJean Le Veugle ; [versión de Gloria Alonso de Jáuregui].
260 _a[Bilbao] :
_bDesclée de Brouwer,
_c[1970]
300 _a269 p. ;
_c19 cm.
700 1 _aAlonso de Jáuregui, Gloria.
_920287
852 _aES-MaACL
_jC-48124
_bR.73726
999 _c91347
_d91347